El Derecho provincial : la Comisión Provincial de Servicios Técnicos la Comisión Provincial de Servicios Técnicos
Colección:
San Jorge,
; núm. 12 (octubre 1953), pàg 133-135
Idioma:
Español
MARC
| LEADER | 00000naa a2200000 a 4500 | ||
|---|---|---|---|
| 003 | Arxiu | ||
| 005 | 20260324181034.0 | ||
| 008 | 160829s1953 spc xx s spa c | ||
| 040 | |a agdb | ||
| 100 | 1 | |a Màndoli, Josep Ma. |9 20279 | |
| 245 | 1 | 3 | |a El Derecho provincial : |b la Comisión Provincial de Servicios Técnicos |c por José M.ª Mandoli Giró |
| 246 | 3 | 3 | |a Comisión Provincial de Servicios Técnicos |
| 490 | |a San Jorge, |v núm. 12 (octubre 1953), pàg 133-135 | ||
| 610 | 1 | 0 | |a Barcelona (Catalunya : Província). |b Comissió Provincial de Serveis Tècnics |9 54827 |
| 773 | |g Núm. 12 (octubre 1953), pàg 133-135 |t San Jorge. | ||
| 901 | |a Arxiu | ||
| 942 | |n 1 |2 udc |c ART | ||
| 952 | |0 0 |1 0 |4 0 |6 REV508 |7 1 |9 64502 |a Arxiu |b Arxiu |d 2022-11-30 |o Rev-508 |r 2022-11-30 00:00:00 |w 2022-11-30 |y ARXIU |z També disponible a Rev-522 | ||
| 999 | |c 48151 |d 48151 | ||